Statistics for Countries of the Carribian Basain

Click here to take the quiz!

General Stats

  • This quiz has been taken 95 times
  • The average score is 17 of 24

Answer Stats

Answer% Correct
Dominica
91%
Jamaica
91%
Cuba
89%
Dominican Republic
85%
Haiti
85%
Trinidad and Tobago
85%
Bahamas
83%
Saint Lucia
83%
Barbados
75%
Saint Kitts and Nevis
75%
Antigua and Barbuda
74%
Grenada
71%
Panama
69%
Honduras
66%
Costa Rica
65%
Saint Vincent and the Grenadines
63%
Belize
62%
Nicaragua
58%
Mexico
57%
El Salvador
52%
Guatemala
52%
Venezuela
52%
Colombia
51%
Ecuador
23%

Score Distribution

Percentile by Number Answered

Percent of People with Each Score

Your Score History

You have not taken this quiz